Presentations at Conferences How to give a talk at a conference

Bibliographic Details
Main Author: Robinson, Barrie (Author)
Format: Book
Language:English
PhysicalDescription:32 s., 1,959 AH 29 cm
Published: Bratislava STU 1991
ISBN:8022703672
Edition:1. vyd.

MARC

LEADER 00000nam a2200000 a 4500
001 vtls001066105
003 SK-MaSNL
005 20260301225522.0
008 250414s1991 xo eng
015 |a SNBA1991/11 
020 |a 8022703672  |q (brož.) 
035 |a SNK000008935 
035 |a urn:nbn:sk:snk-amli68 
035 |a urn:nbn:sk:snk-am00bodx 
035 |a 7AA813A8-F7A5-4C01-8482-AF68CDF0C2B4 
040 |a SNK  |b slo  |c SNK  |e AACR2 
041 0 |a eng 
044 |a [CS] 
080 |a 82.085:371.321(075.8)=20  |2 1981 
080 |a 371.321(075.8)=20  |2 1981 
080 |a 371.321  |2 1981 
080 |a 82.085(075.8)=20  |2 1981 
100 1 |a Robinson, Barrie  |4 aut  |9 46557 
245 1 0 |a Presentations at Conferences  |b How to give a talk at a conference  |c Barrie Robinson 
250 |a 1. vyd. 
260 |a Bratislava  |b STU  |c 1991  |e Bratislava  |f Edičné stredisko STU 
300 |a 32 s., 1,959 AH  |c 29 cm 
366 |e 200 výtl. 
500 |a Schválil rektor STU v Bratislave ako skriptá. Rozmn. 
852 |a Slovenská národná knižnica 
919 |a 80-227-0367-2 
954 |a rétorika  |a prednášateľstvo 
958 |a BQ 
958 |a LX 
958 |a RM 
958 |a UV 
999 |c 951127  |d 953057 
952 |a SNK  |b SNK  |y PREZ  |7 0  |p 17A0807436  |o snkSB 48551  |0 0  |1 0  |4 0  |d 2012-07-12  |f 1  |l 0  |r 2026-02-24 09:48:15  |w 2026-02-24 
952 |t P60, <04>, [BOOK], {604}  |a SNK  |b SNK  |y VYP  |7 0  |p 17A0147746  |o snkSB 48551 D1  |0 0  |1 0  |4 0  |d 1998-07-09  |l 0  |r 2004-12-31 00:00:00  |w 2026-02-24